Normal view
MARC view
Entry Personal Name
001 - CONTROL NUMBER
- control field: 73721
003 - CONTROL NUMBER IDENTIFIER
- control field: dpl
005 - DATE AND TIME OF LATEST TRANSACTION
- control field: 20241105160447.0
008 - FIXED-LENGTH DATA ELEMENTS
- fixed length control field: 241105|| aca||aabn | a|a d
040 ## - CATALOGING SOURCE
- Original cataloging agency: dpl
- Transcribing agency: dpl
100 ## - HEADING--PERSONAL NAME
- Personal name: Martin,Keith M
670 ## - SOURCE DATA FOUND
- Source citation: Work cat.: (dpl)206825: Martin,Keith M., Everyday Cryptography Fundamental Principles and Applications/, 2012
